Clinical Physiology of Acid-base and Electrolyte Disorders (Record no. 8113)

MARC details
000 -LEADER
fixed length control field 00835cam a2200277 a 4500
001 - CONTROL NUMBER
control field 2824334
003 - CONTROL NUMBER IDENTIFIER
control field OSt
005 - DATE AND TIME OF LATEST TRANSACTION
control field 20231104094205.0
008 - FIXED-LENGTH DATA ELEMENTS--GENERAL INFORMATION
fixed length control field 831017s1984 nyua b 001 0 eng
010 ## - LIBRARY OF CONGRESS CONTROL NUMBER
LC control number 83022227
020 ## - INTERNATIONAL STANDARD BOOK NUMBER
International Standard Book Number 007100288x
Terms of availability $24.95
040 ## - CATALOGING SOURCE
Original cataloging agency DLC
Transcribing agency DLC
Modifying agency DLC
050 10 - LIBRARY OF CONGRESS CALL NUMBER
Classification number RC630
Item number .R67 1989
060 ## - NATIONAL LIBRARY OF MEDICINE CALL NUMBER
Classification number WD 220 R795c
082 00 - DEWEY DECIMAL CLASSIFICATION NUMBER
Classification number QT 104 R72c 1989
Edition number 19
100 1# - MAIN ENTRY--PERSONAL NAME
Personal name Rose, Burton David,
9 (RLIN) 16550
245 10 - TITLE STATEMENT
Title Clinical Physiology of Acid-base and Electrolyte Disorders
260 ## - PUBLICATION, DISTRIBUTION, ETC. (IMPRINT)
Place of publication, distribution, etc. New York :
Name of publisher, distributor, etc. McGraw-Hill,
Date of publication, distribution, etc. c1989
300 ## - PHYSICAL DESCRIPTION
Extent x, 853 p. :
Other physical details ill. ;
Dimensions 24 cm.
504 ## - BIBLIOGRAPHY, ETC. NOTE
Bibliography, etc Includes bibliographical references and index.
650 #0 - SUBJECT ADDED ENTRY--TOPICAL TERM
Topical term or geographic name as entry element Physiology
9 (RLIN) 16551
650 #0 - SUBJECT ADDED ENTRY--TOPICAL TERM
Topical term or geographic name as entry element Electrolyte imbalances.
9 (RLIN) 2730
650 #0 - SUBJECT ADDED ENTRY--TOPICAL TERM
Topical term or geographic name as entry element Kidneys.
9 (RLIN) 16552
906 ## - LOCAL DATA ELEMENT F, LDF (RLIN)
a 7
b cbc
c orignew
d 1
e ocip
f 19
g y-gencatlg
942 ## - ADDED ENTRY ELEMENTS (KOHA)
Source of classification or shelving scheme Other/Generic Classification Scheme
Koha item type Open Shelf
Holdings
Withdrawn status Lost status Source of classification or shelving scheme Damaged status Not for loan Home library Current library Date acquired Source of acquisition Inventory number Total Checkouts Full call number Barcode Date last seen Price effective from Koha item type
    Other/Generic Classification Scheme     MUST Main Library MUST Main Library 22/03/2023 Purchase 97/11679   WD 220 R72c 1989 2023-0396 22/03/2023 22/03/2023 Open Shelf